Nature Conservation (Scotland) Act 2004 (Commencement) Order 2004 (Record no. 103833)

MARC details
000 -LEADER
fixed length control field 00800cam a2200193 4500
008 - FIXED-LENGTH DATA ELEMENTS--GENERAL INFORMATION
fixed length control field 041028n2004 000 0 eng u
020 ## - INTERNATIONAL STANDARD BOOK NUMBER
International Standard Book Number 011069287X
035 ## - SYSTEM CONTROL NUMBER
System control number (Sirsi) u127866
041 ## - LANGUAGE CODE
Language code of text/sound track or separate title eng
245 ## - TITLE STATEMENT
Title Nature Conservation (Scotland) Act 2004 (Commencement) Order 2004
260 ## - PUBLICATION, DISTRIBUTION, ETC.
Place of publication, distribution, etc. London
Name of publisher, distributor, etc. HMSO
Date of publication, distribution, etc. 2004
490 ## - SERIES STATEMENT
Series statement SSI
Volume/sequential designation 2004: 407
520 ## - SUMMARY, ETC.
Summary, etc. Came into force 1 October 2004. Bought the Nature Conservation (Scotland) Act 2004 s15(2), s50 and sched 6, s51 and s54 into force. View at www.scotland-legislation.hmso.gov.uk/
650 ## - SUBJECT ADDED ENTRY--TOPICAL TERM
Topical term or geographic name entry element NATURE CONSERVATION (SCOTLAND) ACT 2004
650 ## - SUBJECT ADDED ENTRY--TOPICAL TERM
Topical term or geographic name entry element SCOTLAND
690 ## - LOCAL SUBJECT ADDED ENTRY--TOPICAL TERM (OCLC, RLIN)
Topical term or geographic name as entry element RURAL
9 (RLIN) 6268
856 ## - ELECTRONIC LOCATION AND ACCESS
Uniform Resource Identifier <a href="https://www.scotland-legislation.hmso.gov.uk/legislation/scotland/ssi2004/20040407.htm">https://www.scotland-legislation.hmso.gov.uk/legislation/scotland/ssi2004/20040407.htm</a>
Public note View the Order on the HMSO website...
942 ## - ADDED ENTRY ELEMENTS (KOHA)
Suppress in OPAC 0

No items available.